000 00565nam a2200193Ia 4500
008 151121s9999||||xx |||||||||||||| ||und||
082 _a813-/किणीक
082 _bHNW-44325
100 _aकिणीकर रॉय
245 _aत्रिताल
260 _b"श्रीशब्द प्रकाशन, पुणे।"
260 _c--
300 _a80
600 _aकिणीकर रॉय
630 _aत्रिताल
700 _aकिणीकर रॉय
730 _aत्रिताल
942 _cBOOK
999 _c1232034
_d1232031